000 01493cac a2200277 a 4500
003 Co-PeBPM
005 20250923002234.0
008 231129s2015||||xx |||||||||||||| ||spa||
020 _a9789587753684
040 0 _aCo-PeBPM
_bspa
_cCo-PeBPM
_erda
041 0 _aspa
082 _a207.2 C117p
100 _aCabrera Becerra, Gabriel
_eAutor
245 0 _aLos poderes en la frontera
_b: Misiones católicas y protestantes y Estados en el Vaupés colombo-brasileño 1923-1989
_c/ Gabriel Cabrera Becerra.
260 _aMedellín:
_bUniversidad Nacional de Colombia, 2015
300 _a455 páginas
_b; ilustraciones
_c; 24 cm.
490 _aColección Folios
500 _aIncluye contenido Glosario Bibliografía Anexos Índice Onomástico índice Analítico Lista de fotografías, gráficos, mapas y tablas
504 _aIncluye bibliografías e índices.
520 _aEste estudio ofrece al lector un panorama completo del contexto de las misiones en el orden de la Iglesia Católica y en el mundo protestante, abordando en el primero las acciones de los javieres y lauritas, que actuaron en Colombia, como los salesianos e Hijas de María Auxiliadora que trabajaron en Brasil, y en el segundo la Misión de Nuevas Tribus y el Instituto Lingüístico de verano.
650 1 4 _2LEMB
_aMisiones
_xHistoria
_y1923-1989.
_zVaupés (Colombia)
650 1 4 _2LEMB
_aIglesias protestantes
650 1 4 _2LEMB
_aMisiones católicas
650 1 4 _2LEMB
_aEvangelización
942 _2ddc
_cBK
_n0
999 _c19964
_d19964